| 000 | 00810nam a2200229 i 4500 | ||
|---|---|---|---|
| 001 | 189277 | ||
| 003 | SpMaBN | ||
| 005 | 20230906223433.0 | ||
| 008 | 190521s1968 sp |||| | spa d | ||
| 080 | _a226.91.017 | ||
| 100 | 1 |
_aJeremias, Joachim ( _d1900-1979) _966328 |
|
| 245 | 1 | 0 |
_aPalabras de Jesús _b: el Sermón de la Montaña, el Padre Nuestro / _cJoachim Jeremias ; [traducción de la 5ª y 3ª ed. alemana por José María Bernáldez Montalvo]. |
| 260 |
_aMadrid : _bFax, _c[1968] |
||
| 300 |
_a185 p. ; _c23 cm. |
||
| 490 | 1 |
_aActualidad bíblica ; _v7 |
|
| 504 | _aBibliografía: p. 175-182. | ||
| 630 | 0 | 7 |
_aPadrenuestro. _9167056 |
| 700 | 1 |
_aBernáldez Montalvo, José María. _9153063 |
|
| 830 | 0 |
_aActualidad bíblica ; _v7 _9193281 |
|
| 852 |
_aES-MaACL _jJ-9(7) |
||
| 999 |
_c189277 _d189277 |
||